000 00765nam a2200253Ia 4500
003 OSt
005 20220925224139.0
006 a|||||r|||| 00| 0
007 ta
008 220923b |||||||| |||| 00| 0 eng d
020 _a9780415452212
037 _cGeneral Book
040 _aRTL
_cRTL
_beng
041 _2eng
_aeng
082 _aY73b4, P9
100 _aPUDDEPHATT Antony J
245 0 _aEthnographies revisited
_b Constructing theory in the field
260 _aLondon
_bRoutledge
_c2009
300 _axix,326p
_ccm.
700 _a KLEINKNECHT Steven W
_9290883
700 _a SHAFFIR William
_9290884
942 _hY73b4, P9
_cGB
_2CC
999 _c580943
_d580943